000 00610nam a2200181 i 4500
001 57819
003 ES-MaACL
005 20230906163645.0
007 t|
008 031017s1946 ag ||||1| spa d
100 1 _aDonald, William J.
_945283
245 1 0 _aManual de organización financiera /
_cW.J. Donald, Leona Powell ; editores asociados de Elina von Semasco de Puertas...[et al.].
260 _aBuenos Aires :
_b[s.n.,
_c1946] (
_fMacagno)
300 _a2 v. ;
_c23 cm.
700 1 _aPowell, Leona.
_993501
700 1 _aSemasco de Puertas, Elina von.
_9105371
852 _aES-MaACL
_jC-16877-8
_bR.45206
999 _c57819
_d57819